000 01732nam0a2200349 4500
001 RU\NLR\bibl\1168255
005 20260407172056.0
010 _a978-5-8062-0263-6
_9250
021 _aRU
_b2007-77436
_94170
035 _a(NLR Aleph) 001154960
090 _a1501309
_c1501309
100 _a20071214d2007 |||y0rusy50 ca
101 0 _arus
102 _aRU
105 _aa |||||||||
200 1 _aЕвразийское пространство глазами молодых, или Новое поколение о...
_dThe space of Eurasia from the viewpoint of the, or the new generation about...
_eальманах Третьей и Четвертой школ молодого автора, [2004-2005]
_fгл. ред.: С.В. Любичанковский
_zeng
210 _aМосква
_cНаталис
_d2007
215 _a239 с.
_cил.
_d22
225 1 _aВестник Евразии
_dActa Eurasica
_zeng
320 _aБиблиогр. в прим. в конце ст.
510 0 _aThe space of Eurasia from the viewpoint of the, or the new generation about...
_zeng
517 0 _aНовое поколение о...
606 1 _aОбщественные науки
_jСборники
_91112139
_3RU\NLR\auth\66119728
686 _aС.я43
702 1 _aЛюбичанковский
_bС. В.
_gСергей Валентинович
_4340
711 1 2 _aШкола молодого автора
_d3
_f2004
_eСанкт-Петербург
_3RU\NLR\AUTH\8810108613
_9717409
711 1 2 _aШкола молодого автора
_d4
_f2005
_eСанкт-Петербург
_3RU\NLR\AUTH\8810108614
_9717411
801 0 _aRU
_bNLR
_c20071214
_gRCR
801 1 _aRU
_bNLR
_c20071214
942 _cBOOK
980 _aNB